| 000 | 01043nas a2200325 4500 | ||
|---|---|---|---|
| 001 | BR2013003441 | ||
| 003 | BR-BrBNA | ||
| 005 | 20231205122249.0 | ||
| 007 | ta | ||
| 008 | 230509b bl.|||p| |||| 00| 00por d | ||
| 040 |
_aBR-BrBNA _bpor _cBiblioteca Nacional de Agricultura |
||
| 041 | _a(Pt) | ||
| 072 | _aC10; L20 | ||
| 100 | 1 | _aBorges, T.D. | |
| 100 | 1 | _aSans, E.C.O. | |
| 100 | 1 | _aBraga, J.S. | |
| 100 | 1 | _aMachado, M.F. | |
| 100 | 1 | _aMolento, C.F.M. | |
| 100 | 1 | _a | |
| 245 | 1 | _aEnsino de bem-estar e dor animal em cursos de medicina veterinária no Brasil | |
| 246 | 1 | _aTeaching pain and animal welfare in Veterinary Medicine courses in Brazil | |
| 650 | _aANIMAL | ||
| 650 | _aBEM-ESTAR | ||
| 650 | _aVETERINÁRIA | ||
| 650 | _aCURSO | ||
| 773 | 0 |
_tArquivo Brasileiro de Medicina Veterinária e Zootecnia (Brazil) _xISSN 0102-0935 _g(Feb 2013), v. 65(1) p. 29-36 _wBR2013003441 |
|
| 856 | 4 | 0 | _uhttp://www.scielo.br/pdf/abmvz/v65n1/a05v65n1.pdf |
| 909 |
_a202311 _bLúcia _c55 _dLúcia Elande |
||
| 942 |
_2AGRIS _n0 _cANA |
||
| 999 |
_c227764 _d227764 |
||